| 000 | 00864cam a2200265 4500 | ||
|---|---|---|---|
| 001 | J118745 | ||
| 008 | 020709n2001 000 0 eng u | ||
| 035 | _a(Sirsi) u118745 | ||
| 050 | _a346.4104343 | ||
| 110 |
_aCountry Land and Business Assocation _bLegal Department _94275 |
||
| 245 | _aModel storage licence agreement | ||
| 260 |
_aLondon _bCLA _c2001 |
||
| 300 |
_a9p. _c21cm. |
||
| 350 | _a0 | ||
| 490 |
_aCLA Advisory Handbook _vL6/2001 |
||
| 520 | _aDraft licence for use where a redundant farm building is being used for storage by storage by a thrid party in return for a period payment. | ||
| 650 | _aAGRICULTURAL BUILDINGS | ||
| 650 | _aFARM BUILDINGS | ||
| 650 | _aLICENCES | ||
| 650 | _aMODEL AGREEMENTS | ||
| 650 | _aMODEL LICENCES | ||
| 650 | _aSTORAGE FACILITIES | ||
| 690 | _aLANDLORD AND TENANT-BUSINESS TENANCIES | ||
| 942 | _n0 | ||
| 999 |
_c102172 _d102172 |
||